Kashful Yaqeen (Record no. 2535)

MARC details
000 -LEADER
fixed length control field 00390nam a2200157 a 4500
082 00 - DEWEY DECIMAL CLASSIFICATION NUMBER
Classification number 297.4
Author Cutter HAL
100 ## - MAIN ENTRY--AUTHOR NAME
Author name Halli, Hasan Bin Yusuf
245 ## - TITLE STATEMENT
Title Kashful Yaqeen
260 ## - PUBLICATION, DISTRIBUTION, ETC. (IMPRINT)
Place of publication Iran
Name of publisher Ibraheem Tabreti Press
Year of publication 1299
300 ## - PHYSICAL DESCRIPTION
Number of Pages 282 and 101p.
500 ## - GENERAL NOTE
General note includes index and biblioraphy
505 2# - FORMATTED CONTENTS NOTE
Formatted contents note reference
650 ## - SUBJECT ADDED ENTRY--TOPICAL TERM
Topical Term Sufism-Iran
942 ## - ADDED ENTRY ELEMENTS (KOHA)
Koha item type Books
700 1# -
-- Halli, Hasan Bin Yusuf
Holdings
Home library Current library Date acquired Cost, normal purchase price Full call number Accession Number Koha item type
Henry Martyn Institute Library Henry Martyn Institute Library 09/10/2007 100.00 297.4 HAL 04777 E-Books
                   Copyright © 2026 | Henry Martyn Institute | Hyderabad | TS-500052 | INDIA | Implemented by hmi.edu.in
Hit-Count:

Powered by Koha